[Event "POR-chT 1st Divison 2018"]
[Site "Maia"]
[Date "2018.07.20"]
[Round "7"]
[White "Vassallo Barroche, Mauricio"]
[Black "Martinez Duany, Lelys Stanley"]
[Result "1/2-1/2"]
[WhiteElo "2386"]
[BlackElo "2528"]
[Annotator "ChessBase"]
[PlyCount "83"]
[EventDate "2018.07.16"]
[EventType "team-tourn"]
[EventCountry "POR"]
[SourceTitle "playchess.com"]
[Source "ChessBase"]
[SourceQuality "1"]
[TimeControl "5400+30"]

1. d4 {[%emt 0:00:00]} Nf6 {[%emt 0:00:00]} 2. Nf3 {[%emt 0:00:53]} g6 {[%emt 0:00:28]} 3. Bg5 {[%emt 0:02:23]} Bg7 {[%emt 0:00:28]} 4. c3 {[%emt 0:01:11]} d5 {[%emt 0:01:14]} 5. Nbd2 {[%emt 0:00:21]} Nbd7 {[%emt 0:00:08]} 6. e3 {[%emt 0:00:26]} c5 {[%emt 0:00:07]} 7. Be2 {[%emt 0:00:51]} O-O {[%emt 0:00:14]} 8. O-O {[%emt 0:00:08]} b6 {[%emt 0:00:04]} 9. a4 {[%emt 0:10:18]} a6 {[%emt 0:00:09]} 10. h3 {[%emt 0:00:34]} Bb7 {[%emt 0:02:03]} 11. Qb3 {[%emt 0:08:10]} Re8 {[%emt 0:02:49]} 12. Bf4 {[%emt 0:05:53]} c4 {[%emt 0:03:11]} 13. Qc2 {[%emt 0:02:38]} b5 {[%emt 0:01:22]} 14. Ne5 {[%emt 0:02:53]} Nxe5 {[%emt 0:05:22]} 15. Bxe5 {[%emt 0:01:20]} Qb6 {[%emt 0:00:19]} 16. b3 {[%emt 0:04:10]} Qc6 {[%emt 0:12:35]} 17. Bf3 {[%emt 0:03:36]} Ne4 {[%emt 0:07:54]} 18. bxc4 {[%emt 0:05:13]} Bxe5 {[%emt 0:02:30]} 19. cxd5 {[%emt 0:02:44]} Qxc3 {[%emt 0:00:37]} 20. Bxe4 {[%emt 0:01:08]} Qxc2 {[%emt 0:00:35]} 21. Bxc2 {[%emt 0:00:04]} Bd6 {[%emt 0:02:09]} 22. axb5 {[%emt 0:00:42]} axb5 {[%emt 0:00:06]} 23. Bb3 {[%emt 0:00:06]} f5 {[%emt 0:01:45]} 24. g3 {[%emt 0:07:58]} Kg7 {[%emt 0:00:16]} 25. Nf3 {[%emt 0:01:56]} Rec8 {[%emt 0:00:39]} 26. Ng5 {[%emt 0:01:57]} b4 {[%emt 0:01:13]} 27. Ne6+ {[%emt 0:00:14]} Kf6 {[%emt 0:00:10]} 28. Rxa8 {[%emt 0:01:54]} Rxa8 {[%emt 0:05:22]} 29. Nc5 {[%emt 0:05:48]} Bc8 {[%emt 0:05:57]} 30. Rb1 {[%emt 0:06:25]} g5 {[%emt 0:06:07]} 31. f4 {[%emt 0:01:51]} Ra3 {[%emt 0:02:27]} 32. Kf2 {[%emt 0:00:13]} Ba6 {[%emt 0:01:23]} 33. h4 {[%emt 0:05:11]} gxh4 {[%emt 0:04:11]} 34. gxh4 {[%emt 0:00:01]} Bb5 {[%emt 0:00:41]} 35. Kf3 {[%emt 0:01:54]} Be8 {[%emt 0:00:24]} 36. Bc4 {[%emt 0:01:41]} Rc3 {[%emt 0:04:55]} 37. Rxb4 {[%emt 0:00:20]} Bh5+ {[%emt 0:00:17]} 38. Kf2 {[%emt 0:00:06]} Rc2+ {[%emt 0:00:30]} 39. Kg3 {[%emt 0:01:21]} Rc3 {[%emt 0:01:39]} 40. Kf2 {[%emt 0:00:05]} Rc2+ {[%emt 0:02:25]} 41. Kg3 {[%emt 0:04:09]} Rc3 {[%emt 0:07:27]} 42. Kf2 {[%emt 0:00:50] Ke5} 1/2-1/2

[Event "POR-chT 1st Divison 2018"]
[Site "Maia"]
[Date "2018.07.20"]
[Round "7"]
[White "Sousa, Andre Ventura"]
[Black "Dias, Ivo Rodrigues"]
[Result "1/2-1/2"]
[WhiteElo "2373"]
[BlackElo "2138"]
[Annotator "TA"]
[PlyCount "61"]
[EventDate "2018.07.16"]
[EventType "team-tourn"]
[EventCountry "POR"]
[SourceTitle "playchess.com"]
[Source "ChessBase"]
[SourceQuality "1"]

{[%evp 20,61,0,0,17,0,27,27,26,15,36,30,29,21,46,38,48,0,0,-10,0,0,0,0,0,-75,-12,-14,-15,-15,-13,-5,45,40,41,25,22,0,8,0,0,0,1,0]} 1. e4 {[%cal Be2e4,Be4e5][%mdl 32]} c6 2. d4 d5 3. e5 Bf5 4. Nf3 e6 5. Be2 Ne7 6. O-O c5 7. Be3 {B12: Caro-Kann (Vorstoß-Variante)} (7. c4 Nbc6 8. dxc5 d4 9. Qb3 Qc7 10. Na3 a6 11. Rd1 Rd8 12. Nc2 Bxc2 13. Qxc2 Ng6 14. a3 Bxc5 15. b4 Ba7 {0-1 (55) Vachier Lagrave,M (2789)-Anand,V (2759) Leuven 2018}) 7... Nec6 8. dxc5 Nd7 9. c4 dxc4 10. Na3 Bxc5 11. Nxc4 {[#] LiveBook: 11 Partien. Droht Lxc5 und aus.} O-O 12. Qb3 Qc7 13. Rac1 Bxe3 14. Qxe3 Rad8 $146 ({Vorgänger:} 14... Bg4 15. Qg5 Bxf3 16. Bxf3 Ndxe5 17. Nxe5 {½-½ (32) Bjarnason,S (2265)-Halldorsson,B (2270) Hafnarfjordur 1997}) 15. h3 Qb8 16. Rfd1 Bg6 17. Nd6 Nb6 {[%cal Bd7b6,Bb6c8,Bc8e7][%mdl 32]} 18. Bc4 (18. Ba6 $5) 18... Nc8 19. Nb5 Bh5 20. g4 Bg6 21. Nbd4 {Droht h4.} N8e7 22. Ne2 (22. Nb5 $11 {bleibt in der Remisbreite.}) 22... Na5 (22... Rxd1+ $17 23. Rxd1 b5) 23. Rxd8 Rxd8 24. Nf4 Nxc4 25. Rxc4 Nd5 26. Nxd5 exd5 27. Rd4 Qc7 28. Qc3 {Die Stellung ist ausgeglichen.} Qe7 29. Qb4 Qc7 30. Qc3 Qe7 31. Qb4 {Precision: Weiß = 44%, Schwarz = 54%.} 1/2-1/2

[Event "POR-chT 1st Divison 2018"]
[Site "Maia"]
[Date "2018.07.20"]
[Round "7"]
[White "Lombaers, Peter"]
[Black "Kantans, Toms"]
[Result "0-1"]
[WhiteElo "2361"]
[BlackElo "2529"]
[Annotator "RC"]
[PlyCount "70"]
[EventDate "2018.07.16"]
[EventType "team-tourn"]
[EventCountry "POR"]
[SourceTitle "playchess.com"]
[Source "ChessBase"]
[SourceQuality "1"]
[TimeControl "5400+30"]

1. c4 {[%emt 0:00:00]} c5 {[%emt 0:00:00]} 2. g3 {[%emt 0:00:00]} Nc6 {[%emt 0:00:00]} 3. Bg2 {[%emt 0:00:00]} g6 {[%emt 0:00:00]} 4. Nc3 {[%emt 0:00:00]} Bg7 {[%emt 0:00:00]} 5. Nf3 {[%emt 0:00:00]} d6 {[%emt 0:00:22]} 6. O-O {[%emt 0:01:17]} e6 {[%emt 0:00:24]} 7. a3 {[%emt 0:01:40]} Nge7 {[%emt 0:00:07]} 8. Rb1 {[%emt 0:00:20]} O-O {[%emt 0:00:50]} 9. b4 {[%emt 0:00:36]} b6 {[%emt 0:00:48]} 10. e3 {[%emt 0:05:23]} Bb7 {[%emt 0:00:44]} 11. Qc2 {[%emt 0:00:47]} Rc8 {[%emt 0:01:15]} 12. d3 {[%emt 0:02:04]} Qd7 {[%emt 0:00:21]} 13. Qb3 {[%emt 0:09:23]} Rfd8 {[%emt 0:01:06]} 14. Bb2 {[%emt 0:01:19]} h6 {[%emt 0:18:16]} 15. Rfd1 {[%emt 0:05:41]} Nf5 {[%emt 0:04:17]} 16. Ne4 {[%emt 0:05:02]} e5 {[%emt 0:01:05]} 17. Nc3 {[%emt 0:03:05]} Nfe7 {[%emt 0:06:50]} 18. Nd5 {[%emt 0:09:32]} Nxd5 {[%emt 0:00:55]} 19. cxd5 {[%emt 0:00:06]} Ne7 {[%emt 0:00:12]} 20. e4 {[%emt 0:00:13]} Ba6 {[%emt 0:02:46]} 21. a4 {[%emt 0:15:10]} cxb4 {[%emt 0:00:15]} 22. Bf1 {[%emt 0:01:42]} f5 {[%emt 0:03:19]} 23. Bh3 {[%emt 0:04:47]} Qe8 {[%emt 0:03:04]} 24. Qxb4 {[%emt 0:01:32]} Rc5 {[%emt 0:02:06]} 25. d4 {[%emt 0:06:14]} Rc4 {[%emt 0:04:12]} 26. Qe1 {[%emt 0:00:33]} Rxa4 {[%emt 0:02:06]} 27. Ra1 {[%emt 0:06:21]} Bc8 {[%emt 0:07:43]} 28. exf5 {[%emt 0:06:22]} Rxa1 {[%emt 0:08:45]} 29. Rxa1 {[%emt 0:01:12]} Bxf5 {[%emt 0:00:22]} 30. Bxf5 {[%emt 0:01:44]} Nxf5 {[%emt 0:00:03]} 31. dxe5 {[%emt 0:03:41]} Qb5 {[%emt 0:01:15]} 32. Qd2 {[%emt 0:03:05]} dxe5 {[%emt 0:07:15]} 33. Rxa7 {[%emt 0:00:33]} Qxd5 {[%emt 0:02:09]} 34. Qxd5+ {[%emt 0:03:14]} Rxd5 {[%emt 0:00:05]} 35. Kg2 {[%emt 0:00:31]} e4 {[%emt 0:01:13]} 0-1

[Event "POR-chT 1st Divison 2018"]
[Site "Maia"]
[Date "2018.07.20"]
[Round "7"]
[White "Silva, Luis Neves Da"]
[Black "Iturrizaga Bonelli, Eduardo"]
[Result "0-1"]
[WhiteElo "2360"]
[BlackElo "2652"]
[Annotator "TA"]
[PlyCount "68"]
[EventDate "2018.07.16"]
[EventType "team-tourn"]
[EventCountry "POR"]
[SourceTitle "playchess.com"]
[Source "ChessBase"]
[SourceQuality "1"]

{[%evp 20,68,0,-9,-14,-12,0,-13,-15,-24,-12,-6,12,-61,-56,-68,-52,-81,-48,-56,-54,-58,-48,-59,-37,-72,-79,-79,-54,-134,-49,-101,-113,-96,-96,-102,-97,-97,-105,-106,-86,-89,-95,-89,-76,-120,-130,-129,-128,-103,-91]} 1. Nf3 c5 2. c4 g6 3. d4 cxd4 4. Nxd4 Bg7 5. e4 Qb6 6. Nb3 Nc6 7. Nc3 {A40: Verschiedene (seltene) Antworten auf 1.d4} Bxc3+ 8. bxc3 d6 9. Be3 Qc7 10. c5 dxc5 11. Bxc5 {LiveBook: 5 Partien} Nf6 12. f3 O-O 13. Bf2 $146 ({Vorgänger:} 13. Be2 Be6 14. O-O Nh5 15. Be3 {½-½ (72) Timofeev,A (2549)-Savchenko,B (2585) Sochi 2017}) 13... Rd8 14. Qc1 Ne5 15. Nd4 Bd7 16. Qc2 {[#]} (16. Be2 $1 $11) 16... Ba4 $1 {[%mdl 512]} 17. Qb2 (17. Qxa4 Qxc3+) 17... Rac8 $36 {[%mdl 2048] Schwarz drückt.} 18. Rc1 a6 19. Be2 Nh5 {Droht ...Sf4 und aus.} 20. g3 Nc4 $1 {[%cal Rc4b2]} 21. Qb4 b5 22. Bxc4 Qxc4 23. Qxc4 Rxc4 24. Be3 {[#]} (24. O-O $15) 24... e5 (24... b4 $1 $17 25. Ne2 bxc3) 25. Ne2 ({Lieber} 25. Nb3 $15) 25... Rd3 $17 {Schwarz steht besser.} 26. Kf2 f5 27. exf5 gxf5 28. Rb1 Nf6 29. Rb2 Nd5 30. Rd2 e4 ({Falsch wäre} 30... Rxe3 $2 31. Rxd5 f4 32. Rg1 $18) 31. fxe4 fxe4 32. Rxd3 exd3 33. Nf4 Nxc3 {Weiss muss nun ...Sd1+ beachten.} 34. Nxd3 Nd1+ {Precision: Weiß = 40%, Schwarz = 64%.} 0-1

[Event "POR-chT 1st Divison 2018"]
[Site "Maia"]
[Date "2018.07.20"]
[Round "7"]
[White "Marchena Hurtado, Javier"]
[Black "Reis, Luis Sousa"]
[Result "1-0"]
[WhiteElo "2354"]
[BlackElo "2150"]
[Annotator "NA"]
[PlyCount "95"]
[EventDate "2018.07.16"]
[EventType "team-tourn"]
[EventCountry "POR"]
[SourceTitle "playchess.com"]
[Source "ChessBase"]
[SourceQuality "1"]
[TimeControl "5400+30"]

1. e4 {[%emt 0:00:31]} e6 {[%emt 0:00:17]} 2. d4 {[%emt 0:00:14]} d5 {[%emt 0:00:24]} 3. Nd2 {[%emt 0:00:09]} Nc6 {[%emt 0:01:29]} 4. Ngf3 {[%emt 0:00:20]} Nf6 {[%emt 0:01:06]} 5. e5 {[%emt 0:00:08]} Nd7 {[%emt 0:01:47]} 6. Bb5 {[%emt 0:00:06]} Be7 {[%emt 0:10:55]} 7. O-O {[%emt 0:01:34]} O-O {[%emt 0:01:43]} 8. c4 {[%emt 0:19:13]} dxc4 {[%emt 0:03:48]} 9. Nxc4 {[%emt 0:00:47]} Nb4 {[%emt 0:03:20]} 10. Ne3 {[%emt 0:04:35]} Nb6 {[%emt 0:01:22]} 11. a3 {[%emt 0:01:48]} N4d5 {[%emt 0:01:01]} 12. Bd3 {[%emt 0:02:12]} Bd7 {[%emt 0:12:51]} 13. Ng4 {[%emt 0:05:07]} a6 {[%emt 0:14:01]} 14. Qe2 {[%emt 0:02:20]} Bb5 {[%emt 0:04:31]} 15. Bxb5 {[%emt 0:00:52]} axb5 {[%emt 0:00:09]} 16. Qxb5 {[%emt 0:00:24]} Qe8 {[%emt 0:02:54]} 17. Qd3 {[%emt 0:02:44]} Qc6 {[%emt 0:05:07]} 18. Bg5 {[%emt 0:03:59]} Rfd8 {[%emt 0:08:27]} 19. Rac1 {[%emt 0:03:43]} Qd7 {[%emt 0:00:31]} 20. Rfd1 {[%emt 0:02:51]} Ra4 {[%emt 0:06:34]} 21. h4 {[%emt 0:07:10]} h6 {[%emt 0:08:27]} 22. Bxe7 {[%emt 0:02:02]} Nxe7 {[%emt 0:00:30]} 23. Ne3 {[%emt 0:01:10]} Nc6 {[%emt 0:01:18]} 24. Rc5 {[%emt 0:04:07]} Ne7 {[%emt 0:04:21]} 25. g3 {[%emt 0:03:10]} Ned5 {[%emt 0:01:36]} 26. Nxd5 {[%emt 0:01:06]} Nxd5 {[%emt 0:00:15]} 27. Kg2 {[%emt 0:00:20]} Ne7 {[%emt 0:03:08]} 28. Qc2 {[%emt 0:01:13]} Nd5 {[%emt 0:00:11]} 29. Rc1 {[%emt 0:01:07]} Rda8 {[%emt 0:01:11]} 30. Qb3 {[%emt 0:02:03]} c6 {[%emt 0:00:51]} 31. R5c4 {[%emt 0:03:11]} Rxc4 {[%emt 0:00:45]} 32. Rxc4 {[%emt 0:00:23]} Rd8 {[%emt 0:00:29]} 33. Qc2 {[%emt 0:05:10]} Ne7 {[%emt 0:00:13]} 34. h5 {[%emt 0:01:52]} Nf5 {[%emt 0:00:15]} 35. g4 {[%emt 0:01:03]} Ne7 {[%emt 0:00:12]} 36. Kg3 Nd5 {[%emt 0:00:13]} 37. Qb3 {[%emt 0:02:06]} Ra8 {[%emt 0:00:40]} 38. Ra4 {[%emt 0:01:53]} Rxa4 {[%emt 0:00:34]} 39. Qxa4 {[%emt 0:00:04]} Qc7 {[%emt 0:00:26]} 40. Qa8+ {[%emt 0:00:47]} Kh7 {[%emt 0:00:05]} 41. g5 {[%emt 0:07:00]} Ne7 {[%emt 0:01:01]} 42. Qe8 {[%emt 0:02:05]} Nf5+ {[%emt 0:00:24]} 43. Kg4 {[%emt 0:00:40]} g6 {[%emt 0:00:33]} 44. hxg6+ {[%emt 0:01:12]} fxg6 {[%emt 0:00:12]} 45. gxh6 {[%emt 0:01:42]} Nxh6+ {[%emt 0:01:25]} 46. Kf4 {[%emt 0:00:31]} Nf7 {[%emt 0:00:55]} 47. Qxe6 {[%emt 0:00:29]} Qb6 {[%emt 0:00:22]} 48. Qxf7+ {[%emt 0:00:08]} 1-0

[Event "POR-chT 1st Divison 2018"]
[Site "Maia"]
[Date "2018.07.20"]
[Round "7"]
[White "Espineira Gonzalez, Diego"]
[Black "Cavaleiro, Daniel Felipe Costa"]
[Result "1/2-1/2"]
[WhiteElo "2327"]
[BlackElo "1987"]
[Annotator "TA"]
[PlyCount "64"]
[EventDate "2018.07.16"]
[EventType "team-tourn"]
[EventCountry "POR"]
[SourceTitle "playchess.com"]
[Source "ChessBase"]
[SourceQuality "1"]

{[%evp 19,64,17,24,25,32,22,18,0,37,0,6,-37,16,29,33,0,0,-14,-12,-56,-39,-89,-89,-112,-98,-95,-7,-25,0,-17,-16,-19,-9,-9,0,0,0,0,0,0,8,0,0,0,0,0,0]} 1. e4 g6 2. d4 d6 3. Nc3 Nf6 4. Nf3 Bg7 5. Be3 c6 6. Bd3 O-O 7. h3 Nbd7 8. O-O e5 9. dxe5 {B08: Pirc-Ufimzew-Verteidigung} (9. Qd2 Re8 10. Rad1 b5 11. dxe5 dxe5 12. a4 a6 13. Ne2 Qe7 14. Ng3 Bb7 15. a5 c5 16. c4 b4 17. Bh6 {1-0 (49) Saric,I (2669)-Ponomariov,R (2694) Katowice 2017}) 9... dxe5 10. a4 Qe7 {LiveBook: 5 Partien} 11. a5 {Weiß hat minimalen Vorteil.} Rd8 $146 ({Vorgänger:} 11... Nc5 12. Qb1 Nh5 13. b4 Ne6 14. Re1 Nhf4 15. Bf1 Nd4 16. Nh2 h5 {½-½ (25) Roselli Mailhe,B (2379)-Peralta,F (2545) Mar del Plata 2009}) 12. Qb1 Nh5 13. Ne2 Nf8 14. b4 Ne6 15. c3 Nef4 (15... Nhf4 $15 16. Bc4 Nxe2+ 17. Bxe2 Nf4) 16. Nxf4 $11 Nxf4 17. Bxf4 exf4 18. Qc2 Be6 19. Rab1 c5 20. bxc5 Rac8 21. e5 Rxc5 22. Be4 Bd5 ({Natürlich nicht} 22... Rxa5 23. Rxb7 Qe8 24. Re1 $11) (22... Rb8 $17 23. Qd2 Rxa5 24. Qxf4 Rc5) 23. Rfd1 Rxa5 24. Bxd5 {Die Stellung ist ausgeglichen.} Raxd5 25. Rxd5 Rxd5 26. Qa2 $1 {[%cal Ra2d5]} Rd7 27. Qxa7 Bxe5 28. Re1 $1 f6 $1 29. Nxe5 fxe5 30. Qb8+ Rd8 31. Qxe5 Qxe5 32. Rxe5 Rc8 {Precision: Weiß = 34%, Schwarz = 47%.} 1/2-1/2

[Event "POR-chT 1st Divison 2018"]
[Site "Maia"]
[Date "2018.07.20"]
[Round "7"]
[White "Andrade, Jose Manuel Vieira"]
[Black "Alshameary Puente, Ismael"]
[Result "0-1"]
[WhiteElo "2204"]
[BlackElo "2352"]
[Annotator "NA"]
[PlyCount "85"]
[EventDate "2018.07.16"]
[EventType "team-tourn"]
[EventCountry "POR"]
[SourceTitle "playchess.com"]
[Source "ChessBase"]
[SourceQuality "1"]
[TimeControl "5400+30"]

1. e4 {[%emt 0:00:00]} c5 {[%emt 0:00:00]} 2. d4 {[%emt 0:00:00]} cxd4 {[%emt 0:00:00]} 3. c3 {[%emt 0:00:00]} dxc3 {[%emt 0:02:08]} 4. Nxc3 {[%emt 0:00:00]} Nc6 {[%emt 0:00:02]} 5. Nf3 {[%emt 0:00:02]} e6 {[%emt 0:00:04]} 6. Bc4 {[%emt 0:00:06]} a6 {[%emt 0:00:04]} 7. O-O {[%emt 0:00:07]} b5 {[%emt 0:02:57]} 8. Bb3 {[%emt 0:00:22]} Na5 {[%emt 0:02:50]} 9. Bc2 {[%emt 0:01:25]} Ne7 {[%emt 0:03:33]} 10. Qe2 {[%emt 0:11:06]} Bb7 {[%emt 0:03:33]} 11. Rd1 {[%emt 0:02:53]} Ng6 {[%emt 0:01:39]} 12. Ng5 {[%emt 0:22:05]} Be7 {[%emt 0:11:49]} 13. Qh5 {[%emt 0:00:45]} Qc7 {[%emt 0:00:36]} 14. a3 {[%emt 0:07:14]} Nc4 {[%emt 0:00:30]} 15. Bb3 {[%emt 0:05:49]} Qe5 {[%emt 0:12:51]} 16. Bxc4 {[%emt 0:03:04]} bxc4 {[%emt 0:00:46]} 17. Be3 {[%emt 0:04:45]} Bxg5 {[%emt 0:14:15]} 18. Qxg5 {[%emt 0:00:05]} Qxg5 {[%emt 0:00:15]} 19. Bxg5 {[%emt 0:00:06]} Bc6 {[%emt 0:01:33]} 20. Rd4 {[%emt 0:01:32]} Ne5 {[%emt 0:03:17]} 21. Bf4 {[%emt 0:02:29]} Nd3 {[%emt 0:03:33]} 22. Bd6 {[%emt 0:01:55]} Nxb2 {[%emt 0:21:38]} 23. Rb1 {[%emt 0:09:03]} Nd3 {[%emt 0:01:39]} 24. Rxc4 {[%emt 0:07:19]} f6 {[%emt 0:00:57]} 25. f4 {[%emt 0:03:21]} Kf7 {[%emt 0:03:28]} 26. Rd4 {[%emt 0:01:17]} Nxf4 {[%emt 0:00:12]} 27. Bxf4 {[%emt 0:07:27]} e5 {[%emt 0:00:04]} 28. Bxe5 {[%emt 0:00:22]} fxe5 {[%emt 0:00:01]} 29. Rd6 {[%emt 0:00:47]} Rab8 {[%emt 0:00:51]} 30. Rbd1 {[%emt 0:00:21]} Rb3 {[%emt 0:00:29]} 31. Nd5 {[%emt 0:00:42]} Rxa3 {[%emt 0:01:53]} 32. Rf1+ {[%emt 0:03:53]} Ke8 {[%emt 0:00:31]} 33. Rb1 {[%emt 0:00:20]} Rf8 {[%emt 0:01:04]} 34. Nb4 {[%emt 0:03:04]} Bb5 {[%emt 0:01:21]} 35. Rd5 {[%emt 0:00:29]} Rb3 {[%emt 0:00:29]} 36. Rdd1 {[%emt 0:01:09]} Rxb1 {[%emt 0:00:39]} 37. Rxb1 {[%emt 0:00:04]} Rf4 {[%emt 0:01:03]} 38. Re1 {[%emt 0:00:13]} Bc6 {[%emt 0:00:19]} 39. Nxc6 {[%emt 0:00:35]} dxc6 {[%emt 0:00:04]} 40. Ra1 {[%emt 0:00:32]} Rxe4 {[%emt 0:01:08]} 41. Rxa6 {[%emt 0:00:07]} Rc4 {[%emt 0:01:13]} 42. Ra7 {[%emt 0:00:28]} Kf8 {[%emt 0:00:05]} 43. Kf2 {[%emt 0:00:14]} 0-1

[Event "POR-chT 1st Divison 2018"]
[Site "Maia"]
[Date "2018.07.20"]
[Round "7"]
[White "Cruz, Jorge Filipe Egas D"]
[Black "Padeiro, Jose"]
[Result "1/2-1/2"]
[WhiteElo "2159"]
[BlackElo "2284"]
[Annotator "NA"]
[PlyCount "60"]
[EventDate "2018.07.16"]
[EventType "team-tourn"]
[EventCountry "POR"]
[SourceTitle "playchess.com"]
[Source "ChessBase"]
[SourceQuality "1"]
[TimeControl "5400+30"]

1. e4 {[%emt 0:02:27]} c6 {[%emt 0:00:00]} 2. d4 {[%emt 0:00:08]} d5 {[%emt 0:00:00]} 3. Nc3 {[%emt 0:00:05]} dxe4 {[%emt 0:00:04]} 4. Nxe4 {[%emt 0:00:04]} Nd7 {[%emt 0:00:31]} 5. Ng5 {[%emt 0:00:57]} Ngf6 {[%emt 0:00:24]} 6. Bd3 {[%emt 0:01:00]} h6 {[%emt 0:00:17]} 7. Ne6 {[%emt 0:05:02]} Qb6 {[%emt 0:00:06]} 8. Nxf8 {[%emt 0:00:51]} Nxf8 {[%emt 0:00:03]} 9. c3 {[%emt 0:03:30]} Bg4 {[%emt 0:03:08]} 10. Qb3 {[%emt 0:05:35]} Bh5 {[%emt 0:02:58]} 11. Ne2 {[%emt 0:03:52]} Bg6 {[%emt 0:00:32]} 12. Nf4 {[%emt 0:03:03]} Bxd3 {[%emt 0:00:07]} 13. Nxd3 {[%emt 0:00:28]} N8d7 {[%emt 0:06:55]} 14. O-O {[%emt 0:02:01]} O-O {[%emt 0:01:31]} 15. Re1 {[%emt 0:03:33]} e6 {[%emt 0:00:50]} 16. Bf4 {[%emt 0:06:56]} Rfe8 {[%emt 0:04:46]} 17. Rad1 {[%emt 0:02:21]} Rac8 {[%emt 0:09:16]} 18. Qc2 {[%emt 0:11:53]} Qa5 {[%emt 0:01:18]} 19. b3 {[%emt 0:05:31]} Qf5 {[%emt 0:05:16]} 20. Re2 {[%emt 0:12:13]} c5 {[%emt 0:05:28]} 21. dxc5 {[%emt 0:01:18]} e5 {[%emt 0:00:33]} 22. Be3 {[%emt 0:08:04]} e4 {[%emt 0:00:58]} 23. Nb2 Ne5 {[%emt 0:06:11]} 24. h3 {[%emt 0:05:51]} Nf3+ {[%emt 0:08:24]} 25. Kh1 {[%emt 0:00:48]} Qe5 {[%emt 0:14:55]} 26. gxf3 {[%emt 0:02:26]} exf3 {[%emt 0:00:53]} 27. Ree1 {[%emt 0:01:09]} Qh5 {[%emt 0:00:34]} 28. Kh2 {[%emt 0:00:35]} Qe5+ {[%emt 0:16:46]} 29. Kh1 {[%emt 0:00:37]} Qh5 {[%emt 0:03:45]} 30. Kh2 {[%emt 0:00:09]} Qe5+ {[%emt 0:06:12]} 1/2-1/2

[Event "POR-chT 1st Divison 2018"]
[Site "Maia"]
[Date "2018.07.20"]
[Round "7"]
[White "Romano, Luis Miguel Pereira"]
[Black "Korneev, Oleg"]
[Result "0-1"]
[WhiteElo "2083"]
[BlackElo "2506"]
[Annotator "TA"]
[PlyCount "58"]
[EventDate "2018.07.16"]
[EventType "team-tourn"]
[EventCountry "POR"]
[SourceTitle "playchess.com"]
[Source "ChessBase"]
[SourceQuality "1"]

{[%evp 21,58,32,41,31,31,16,31,35,34,29,32,29,29,29,41,18,31,7,60,52,61,-203,-213,-238,-213,-227,-218,-331,-321,-315,-286,-1086,-1060,-29987,-29988,-29988,-29989,-29996,-29997]} 1. e4 c5 2. Nf3 e6 3. d4 cxd4 4. Nxd4 a6 5. Nc3 Qc7 6. Be3 Nf6 7. a3 b5 8. Bd3 Bb7 9. O-O h5 {B43: Sicilian: Kan Variation: 5 Nc3} 10. h3 Nc6 11. Qe2 Rc8 {LiveBook: 4 Games. White is slightly better.} 12. a4 $146 ({Predecessor:} 12. f4 Nxd4 13. Bxd4 Bc5 14. Qf2 h4 15. Bxc5 Qxc5 16. Qxc5 Rxc5 17. e5 Nh5 {½-½ (28) Tazbir,M (2520)-Stachowiak,K (2425) Mrzezyno 2011}) 12... b4 13. Nb1 Nxd4 14. Bxd4 e5 15. Be3 Qc6 16. Nd2 d5 {[%cal Rd5e4]} 17. f3 Bc5 18. Bxc5 (18. Rf2 {with more complications.} Be7 19. Nb3 dxe4 20. fxe4 Qe6 21. Nd2) 18... Qxc5+ 19. Rf2 O-O (19... dxe4 $11 20. Nxe4 Nxe4 21. fxe4 Qd4) 20. exd5 $14 Qxd5 21. Bxa6 $2 {[%mdl 8192] [#]} (21. Re1 $14 {keeps the upper hand.}) 21... Bxa6 $19 ({Not} 21... Rxc2 22. Bxb7 Qxb7 23. Qe3 $15) 22. Qxa6 Rxc2 23. Ne4 Qd4 24. Nxf6+ (24. Raf1 $142 Nxe4 25. fxe4) 24... gxf6 25. Raf1 Kg7 26. Qb7 $2 {[#]} (26. b3) 26... Rfc8 27. Kh2 Rxf2 {Black mates.} 28. Rxf2 Rc1 (28... Qxf2 29. Qxc8 Qxb2 30. a5 $17) 29. Re2 h4 {Precision: White = 16%, Black = 77%.} 0-1

[Event "POR-chT 1st Divison 2018"]
[Site "Maia"]
[Date "2018.07.20"]
[Round "7"]
[White "Turcer, Dusan"]
[Black "Eggert, Alberto"]
[Result "0-1"]
[WhiteElo "2039"]
[BlackElo "2142"]
[Annotator "TA"]
[PlyCount "76"]
[EventDate "2018.07.16"]
[EventType "team-tourn"]
[EventCountry "POR"]
[SourceTitle "playchess.com"]
[Source "ChessBase"]
[SourceQuality "1"]

{[%evp 9,76,4,45,49,48,10,19,16,21,-25,-22,-8,-6,-67,-21,-18,-14,-62,-70,-65,-32,-111,-112,-148,-64,-145,-25,-104,-111,-139,-111,-135,-114,-121,-84,-276,-243,-378,-378,-420,-433,-452,-410,-421,-336,-550,-464,-445,-437,-443,-445,-439,-438,-640,-608,-748,-728,-712,-718,-1002,-967,-1033,-682,-1265,-740,-1399,-1384,-29990,-29991]} 1. e4 e5 2. f4 exf4 3. Bc4 Ne7 4. Nc3 c6 (4... d5 5. exd5 Ng6 6. Nf3 Bd6 7. O-O O-O 8. d4 Bf5 9. Bd3 Qf6 10. Ne4 Bxe4 11. Bxe4 Re8 {1-0 (44) Vasiesiu,D (2395)-Georgescu,T (2493) Cap Aurora 2014}) 5. Bb3 d6 $146 ({Predecessor:} 5... d5 6. exd5 cxd5 7. d4 Nbc6 8. Bxf4 Ng6 9. Nge2 Be6 10. Qd2 Be7 11. O-O-O O-O {½-½ (39) Langheinrich,F (2385)-Schroeder,K (2175) Vellmar 2015}) 6. d4 {[%mdl 1024] White has compensation. C33: King's Gambit Accepted: 3 Nc3 and 3 Bc4} Ng6 7. Nf3 Be7 8. O-O {The position is equal.} Nd7 9. Ne2 Nf6 10. Qd3 Nh5 11. Bd2 (11. Kh1 $11) 11... Qb6 12. Kh1 O-O 13. Rae1 Bg4 14. Nfg1 {[%cal Re2f4]} Bh4 15. g3 (15. Rb1 $15) 15... fxg3 $17 16. hxg3 {[#]} Bf6 ({Better is} 16... Be7 $1 $17 17. Nc3 Qc7) 17. c3 ({White should play} 17. e5 $15 dxe5 18. Qe4 Qxd4 19. Nxd4 Nxg3+ 20. Kh2 Nxe4 21. Rxe4) 17... Rfe8 (17... a5 $17 {And now ...a4 would win.} 18. Qc2 {[#]} a4 $1 {[%mdl 512]} 19. Bxa4 c5) 18. Kg2 (18. Nf3 $11 {keeps the balance.}) 18... a5 {[%cal Ba7a5,Ba5a4][%mdl 32]} 19. Bc1 a4 $36 {[%mdl 2048] Black is really pushing.} 20. Bc2 c5 21. Nf3 Qc6 22. c4 $2 (22. Nh2 $17 {was worth a try.} Qd7 23. Nxg4 Qxg4 24. Kg1) 22... Qd7 23. Neg1 (23. Rh1 $142) 23... cxd4 $19 24. Nxd4 Ne5 25. Qd2 Nxc4 26. Qf2 Be5 27. Nde2 $2 (27. Nf5 {was forced.}) 27... Nxb2 28. Nf4 Nc4 29. Bd3 Rac8 30. Nxh5 Bxh5 31. Nh3 (31. Qf5 $142 Bg4 32. Qxd7 Bxd7 33. Bf4) 31... Bc3 32. Nf4 Bxe1 33. Qxe1 Ne5 34. Nxh5 Nxd3 35. Qe3 Qg4 ({Stronger than} 35... Nxc1 36. Qg5 $11) 36. Nxg7 Kxg7 37. Qh6+ Kg8 38. Rf5 Rc2+ {Precision: White = 28%, Black = 56%.} 0-1